000 00318nam a2200145Ia 4500
100 _aIbach/ H/ Luth/ H.
942 _cBK
654 _aSolid state Physics
245 _aSolid state Physics
260 _bNarosa Pub House
_aNew Delhi
_c1991
082 _a530.41
300 _a341
546 _aENGLISH
999 _c31224
_d31224